परशुराम की चुनी हुयी कहानियां / (Record no. 117614)
[ view plain ]
| 000 -LEADER | |
|---|---|
| fixed length control field | 01221nam a22002777a 4500 |
| 005 - DATE AND TIME OF LATEST TRANSACTION | |
| control field | 20170124103058.0 |
| 010 ## - LIBRARY OF CONGRESS CONTROL NUMBER | |
| LC control number | A-730737 |
| 020 ## - INTERNATIONAL STANDARD BOOK NUMBER | |
| Terms of availability | 40.00 |
| International Standard Book Number | 8172016735 |
| 035 ## - SYSTEM CONTROL NUMBER | |
| System control number | A-730737 |
| 037 ## - SOURCE OF ACQUISITION | |
| Source of stock number/acquisition | Cen Lib/Ret |
| 040 ## - CATALOGING SOURCE | |
| Original cataloging agency | DPL |
| Language of cataloging | HN |
| 082 ## - DEWEY DECIMAL CLASSIFICATION NUMBER | |
| Classification number | क |
| Item number | बसुरा |
| 100 ## - MAIN ENTRY--PERSONAL NAME | |
| Personal name | बसु, राजशेखर |
| 9 (RLIN) | 43761 |
| 245 ## - TITLE STATEMENT | |
| Title | परशुराम की चुनी हुयी कहानियां / |
| Statement of responsibility, etc | राजशेखर बसु ; अनुवादक प्रबोधकुमार मजूमदार |
| 246 ## - VARYING FORM OF TITLE | |
| Title proper/short title | Prshuram Ki chuni huyi kahaniyan / |
| Remainder of title | By Rajshekhar Bsu ; anuvadak Prabodhkumar Majoomdar |
| 250 ## - EDITION STATEMENT | |
| Edition statement | 2nd ed |
| 260 ## - PUBLICATION, DISTRIBUTION, ETC. (IMPRINT) | |
| Place of publication, distribution, etc | नयी दिल्ली |
| Name of publisher, distributor, etc | साहित्य अकेडमी |
| Date of publication, distribution, etc | 1994 |
| 270 ## - ADDRESS | |
| City | नयी दिल्ली |
| 300 ## - PHYSICAL DESCRIPTION | |
| Extent | 202p. |
| Dimensions | 16से.मी. (सजिल्द) |
| 650 ## - SUBJECT ADDED ENTRY--TOPICAL TERM | |
| Topical term or geographic name as entry element | साहित्य--कहानियां |
| 9 (RLIN) | 1200 |
| 650 ## - SUBJECT ADDED ENTRY--TOPICAL TERM | |
| Topical term or geographic name as entry element | बांग्ला--कहानियां |
| 9 (RLIN) | 1200 |
| 650 ## - SUBJECT ADDED ENTRY--TOPICAL TERM | |
| Topical term or geographic name as entry element | Literature--Stories |
| 9 (RLIN) | 113376 |
| 650 ## - SUBJECT ADDED ENTRY--TOPICAL TERM | |
| Topical term or geographic name as entry element | Bangla--stories |
| 9 (RLIN) | 64703 |
| 700 ## - ADDED ENTRY--PERSONAL NAME | |
| Personal name | मजूमदार, प्रबोधकुमार |
| 9 (RLIN) | 42819 |
| 942 ## - ADDED ENTRY ELEMENTS (KOHA) | |
| Source of classification or shelving scheme | Dewey Decimal Classification |
| Koha item type | Hindi Books |
| Classification part | क |
| Call number suffix | बसुरा |
| Withdrawn status | Lost status | Damaged status | Not for loan | Home library | Current library | Date acquired | Source of acquisition | Cost, normal purchase price | Total Checkouts | Full call number | Barcode | Date last seen | Date checked out | Copy number | Cost, replacement price | Price effective from | Koha item type |
|---|---|---|---|---|---|---|---|---|---|---|---|---|---|---|---|---|---|
| Central Library | Central Library | 07/09/2015 | Cen Lib/Ref | 40.00 | 2 | क बसुरा | A-730737 | 18/06/2019 | 15/06/2019 | 1 | 40.00 | 07/09/2015 | Hindi Books |
